Responses for Show #2016 - Monday, May 17, 1993

Bev Schwartzberg game 2.

Contestants

[<< previous game]

Alan Sperber, a physician from New York City, New York

Bruce Hamilton, a computer programmer from Gardena, California

Bev Schwartzberg, a history teacher originally from Amherst, Massachusetts (whose 1-day cash winnings total $14,900)

[next game >>]

Jeopardy! Round responses

SUPERSTITIONS
DRAMA
ODD JOBS
U.S. PRESIDENTS
FOOD FACTS
NUMBER, PLEASE
(Alex: And, in each case in that category, the correct response will be a number.)
    $100 1
milk

Bruce
    $100 26
Our Town

Bev
    $100 18
Gilbert & Sullivan

Bev
    $100 3
Jimmy Carter

Bruce
    $100 15
oxtails

Bev
    $100 2
40

Alan
    $200 8
meteor (shooting star)

Bruce
    $200 27
James Barrie

Bev
    $200 20
saddle maker (saddler)

Bruce
    $200 4
Lincoln

Alan
    $200 16
horseradish

Bev
    $200 9
3

Bruce
    $300 13
(Bruce: What is a fork?)
(Bev: What's a pitchfork?)

a horseshoe

BevBruce
Triple Stumper
    $300 28
Noël Coward

Bev
    $300 21
a camp follower

Bruce
    $300 5
Truman

Bev
    $300 17
the Andes

Bruce
    $300 10
500

Bruce
    $400 14
(Bruce: What is a hair?)
(Alex: Be more specific.)
(Bruce: What is an eyebrow hair?)
...
(Alex: You were in the right area when you started, Bruce, but it is a white hair or [*], not just an ordinary hair.)

a gray hair

Bruce
Triple Stumper
    $400 29
Bertolt Brecht

Bruce
    $400 22
gymnasts

Bruce
    $400 6
Theodore Roosevelt

Bev
    $400 19
beets

Bruce
    $400 11
13

Bev
    $500 25
(Alex: I can see everyone checking now. If I got a mole on the back of my neck, it means I'm going to die [*].)
...
(Alex: Good plastic surgery will cure it.)

by hanging

Triple Stumper
    $500 30
Oliver Wendell Holmes

Alan
    $500 23
(Alan: What is a peridontist?)
(Alex: Correct.)
[Judges get Alex's attention off-camera.]
(Alex: Say it again, Alan.)
(Alan: What is a peridontist?)
(Alex: Can't accept it.)

a periodontist

BevAlan
    $700 7
John Quincy Adams

Bev
    $500 24
England

Bev
    $500 12
6

Bev

Scores at the first commercial break (after clue 14):

Bev Bruce Alan
$2,000 $200 $300

Scores at the end of the Jeopardy! Round:

Bev Bruce Alan
$4,000 $2,200 $300

Double Jeopardy! Round responses

FILM BIOGRAPHIES
UNREAL ESTATE
19th CENTURY AMERICANS
MAGAZINES
CLASSICAL MUSIC
WORLD "C"ITIES
(Alex: That means that each correct response will begin with that letter of the alphabet.)
    $200 11
Judge Roy Bean

Bruce
    $200 26
Mexico

Alan
    $200 21
(Stephen) Foster

Bev
    $200 15
Popular

Alan
    $200 1
the Messiah

Alan
    $200 6
Cairo

Bev
    $400 12
Natalie Wood

Alan
    $400 27
the Emerald City

Bruce
    $400 22
(John Jacob) Astor

Bev
    $400 17
BIllboard

Bev
    $400 2
Johann Strauss, Jr.

Alan
    $400 8
Cork

Bev
    $600 13
Audie Murphy

Alan
    $600 28
Lake Wobegon

Bev
    $600 23
(Horace) Greeley

Bev
    $600 18
Ebony

Bev
    $600 3
Schubert

Bruce
    $600 7
(Alex: One of the two major cities in the province of Alberta. What is [*]?)

Calgary

Triple Stumper
    $800 14
(Bruce: What is the [*]?)

Birdman of Alcatraz

Bruce
    $800 29
Dune

Bruce
    $800 24
(Samuel) Morse

Alan
    $800 19
Psychology Today

Bev
    $800 4
Sibelius

Alan
    $800 9
Calais

Bev
    $1000 16
(Alex: It's named after one of his popular songs, [*].)

Your Cheatin' Heart

Triple Stumper
    $1000 30
Brobdingnag

Bruce
    $2,000 25
(Leland) Stanford

Alan
    $1,800 20
Harper's

Bev
    $1000 5
Pierre Boulez

Bruce
    $1000 10
Cologne

Bev

Scores at the end of the Double Jeopardy! Round:

Bev Bruce Alan
$11,800 $7,000 $5,900

[wagering suggestions for these scores]

Final Jeopardy! Round responses

THE 1970s
AlanWhat is the Megatron in Texas
$3,700
BruceWhat is
$6,999
BevWhat is Tenn. dam?
$2,201
the Alaska pipeline (Trans-Alaska pipeline)

Final scores:

Bev Bruce Alan
$9,599 $1 $2,200
2-day champion: $24,499 3rd place: "Waterlilies" silkscreen by Alex Echo + Wheel of Fortune & Jeopardy! games for the Super Nintendo & Sega Genesis 2nd place: trip to Honolulu, Hawaii

Game dynamics:

Coryat scores:

Bev Bruce Alan
$10,800 $7,000 $4,900
25 R
(including 2 DDs),
1 W
18 R,
2 W
12 R
(including 1 DD),
1 W

Combined Coryat: $22,700

[game clues] [game scores] [suggest correction]

Game tape date: 1993-01-11
The J! Archive is created by fans, for fans. Scraping, republication, monetization, and malicious use prohibited; this site may use cookies and collect identifying information. See terms. The Jeopardy! game show and all elements thereof, including but not limited to copyright and trademark thereto, are the property of Jeopardy Productions, Inc. and are protected under law. This website is not affiliated with, sponsored by, or operated by Jeopardy Productions, Inc. Join the discussion at JBoard.tv.